| 000 | 00481nam a22001817a 4500 | ||
|---|---|---|---|
| 003 | BD-ChCU | ||
| 005 | 20260429114729.0 | ||
| 008 | 260429b ny||||| |||| 00| 0 eng d | ||
| 020 | _a9780367693671 | ||
| 040 | _cBD-ChCU | ||
| 082 |
_223 _a639.8 A865c |
||
| 100 |
_aAthithan, S. _922084 |
||
| 245 |
_aCoastal aquacultures and mariculture / _cS Athithan. |
||
| 300 | _a244 P. : | ||
| 504 | _aIncludes. | ||
| 650 | 0 |
_aCoastal aquaculture ; Mariculture. _922086 |
|
| 942 |
_2ddc _cBK _n0 |
||
| 999 |
_c112519 _d112519 |
||